000 00629nam a2200193Ii 4500
003 JO-AjNU
008 230605s9999||||xx |||||||||||||| ||und||
040 _aJO-AjNU
_bara
_erda
_cJO-AjNU
041 _aara
050 1 4 _aPJ7820 2015
100 3 _aتأليف الزغول، عمر محمد,
_eauthor
_948284
245 0 0 _aبوح القلم: مقالات مختارة
264 3 1 _aعمان:دار الكتاب الثقافي،2015
300 _a216ص
336 _atext
_btxt
_2rdacontent
337 _aunmediated
_bn
_2rdamedia
338 _avolume
_bnc
_2rdacarrier
650 4 _aالأدب العربي - مقالات
_948285
999 _aA21135
_c24703
_d24703